| 000 | 01100cam a2200313 i 4500 | ||
|---|---|---|---|
| 001 | 20696 | ||
| 003 | CO-MdFUSB | ||
| 005 | 20161111074244.0 | ||
| 008 | 161103t19891990xxu||||f |||| 00| 0 eng d | ||
| 020 | _a0-8006-2396-7 | ||
| 040 |
_aCO-MdFUSB _bEspañol _cCO-MdFUSB _dCO-MdFUSB _erda |
||
| 041 | _aeng | ||
| 082 |
_224 _a220.66 _bN532st |
||
| 100 | 1 |
_aPatte, Daniel _eautor |
|
| 245 | 0 | 0 |
_aStructural exegesis for New Testament critics _c/ Daniel Patte |
| 264 | 1 |
_aMinneapolis, Minnesota : _bFortress Press, _c℗1989 |
|
| 264 | 4 | _c©1990 | |
| 300 | _a134 páginas | ||
| 336 |
_2rdacontent _a1 _ba1 |
||
| 337 |
_2rdamedia _a2 _b5 |
||
| 338 |
_2rdacarrier _a2 _b5 |
||
| 490 | _aGuides to Biblical Scholarship | ||
| 501 | _aRústico | ||
| 505 | 0 | 0 | _aLa exégesis estructural de Juan 3:1-21 - Ejercicios en la exégesis estructural, Juan 4:4-42 y Lucas 10:21-42 - Una comparación de los patrones de fe de Juan y Lucas |
| 630 | 7 |
_aBiblia. _pNuevo Testamento _xCrítica, interpretación, etc. |
|
| 653 | _aHermeneutics--sacred books--Bible. N.T. | ||
| 942 | _cREF | ||
| 999 |
_c47047 _d47047 |
||